Tārīkh al-aḥzāb al-shuyūʻīyah fī al-waṭan al-ʻArabī. (Record no. 47938)

MARC details
000 -LEADER
fixed length control field 00718cam a22002531 4500
001 - CONTROL NUMBER
control field ne 65000386
003 - CONTROL NUMBER IDENTIFIER
control field DLC
005 - DATE AND TIME OF LATEST TRANSACTION
control field 20260227111811.0
008 - FIXED-LENGTH DATA ELEMENTS--GENERAL INFORMATION
fixed length control field 850406s1964 le 000 0 arax
010 ## - LIBRARY OF CONGRESS CONTROL NUMBER
LC control number ne 65000386
035 ## - SYSTEM CONTROL NUMBER
System control number (OCoLC)13886132
040 ## - CATALOGING SOURCE
Original cataloging agency DLC
Transcribing agency NN
Modifying agency DLC
042 ## - AUTHENTICATION CODE
Authentication code premarc
043 ## - GEOGRAPHIC AREA CODE
Geographic area code ma-----
050 00 - LIBRARY OF CONGRESS CALL NUMBER
Classification number HX434
Item number .M8
100 1# - MAIN ENTRY--PERSONAL NAME
Personal name Murquṣ, Ilyās.
245 10 - TITLE STATEMENT
Title Tārīkh al-aḥzāb al-shuyūʻīyah fī al-waṭan al-ʻArabī.
Statement of responsibility, etc. Taʼlīf Ilyās Murqus.
250 ## - EDITION STATEMENT
Edition statement al-Ṭabʻah 1.
260 ## - PUBLICATION, DISTRIBUTION, ETC.
Place of publication, distribution, etc. Bayrūt,
Name of publisher, distributor, etc. Manshūrāt Dār al-Ṭalīʻah,
Date of publication, distribution, etc. 1964.
300 ## - PHYSICAL DESCRIPTION
Extent 312 p.
Dimensions 20 cm.
500 ## - GENERAL NOTE
General note In Arabic.
650 #0 - SUBJECT ADDED ENTRY--TOPICAL TERM
Topical term or geographic name entry element Communism
Geographic subdivision Arab countries.
650 #0 - SUBJECT ADDED ENTRY--TOPICAL TERM
Topical term or geographic name entry element Communist parties.

No items available.

Powered by Koha